Economists by Picture - Statistics

General Stats
  • This quiz has been taken 26 times
  • The average score is 6 of 16
Answer Stats
Picture Answer % Correct
Adam Smith
96%
John Maynard Keynes
92%
Karl Marx
92%
Milton Friedman
88%
Friedrich August von Hayek
58%
David Ricardo
46%
Thomas Sowell
38%
Jean-Baptiste Say
25%
Ludwig von Mises
17%
Murray Newton Rothbard
13%
Carl Menger
8%
Hans-Hermann Hoppe
8%
Jeffrey Sachs
8%
Henry Hazlitt
4%
Arthur Laffer
0%
Rudolf Meidner
0%
No matching quizzes found
Score Distribution
Percent of People with Each Score
Percentile by Number Answered
Your Score History
You have not taken this quiz